Catalog

Record Details

Catalog Search



Teen speak : a how-to guide for real talks with teens about sex, drugs and other risky behaviors  Cover Image Book Book

Teen speak : a how-to guide for real talks with teens about sex, drugs and other risky behaviors / Dr. Jennifer Salerno ; illustrations by Nathalie Ghioni.

Salerno, Jennifer. (Author).

Record details

  • ISBN: 9780997701302
  • ISBN: 0997701307
  • Physical Description: xii, 160 pages : illustrations ; 23 cm
  • Publisher: Dexter, Michigan, USA : [Jennifer Salerno?], [2016]

Content descriptions

Bibliography, etc. Note:
Includes bibliographical references.
Formatted Contents Note:
Foreword / Jordyn [Salerno] -- Introduction (The birth of Teen speak ; Congratulations: you are the parent of a teenager! ; Before you get started) -- Section one: Getting to know your teen (1. Foundations for talking with your teen ; 2. Teen development: the good, the bad, and the beautiful ; 3. Physical development: body changes ; 4. Cognitive development: thinking skills ; 5. Emotional development: feelings ; 6. Sexual development: changing desires ; 7. Teens and risky behaviors: what are they doing? ; 8. Changing behaviors ; 9. Strengths of teens: they are amazing!)
Section two: Talking with your teen (10. Proven communication strategies ; 11. Building a strong foundation ; 12. Open-ended questions: learning more from your teen ; 13. Affirmations: focusing on the positives ; 14. Reflections: listening and responding -- 15. Change talk: let them tell you what you want to hear)
Section three: Avoiding pitfalls (16. Planning for success ; 17. Handling difficult behaviors: introduction ; 18. Handling difficult behaviors: strategies ; 19. Handling difficult behaviors: using the strategies) -- Final thoughts -- Parent and teen resources -- Where the information came from.
Subject: Parent and teenager.
Adolescent psychology.
Interpersonal communication.
Parenting.

Available copies

  • 1 of 1 copy available at scottsboropl.

Holds

  • 0 current holds with 1 total copy.
Show Only Available Copies
Location Call Number / Copy Notes Barcode Shelving Location Status Due Date
scottsboropl 649 Sal 32269001119695 Adult - Nonfiction Available -

LDR 02572nam a2200373Mi 4500
001151472
003CONS
00520190605132820.0
008161012s2016 miua b 000 0 eng d
010 . ‡a 2016909746
020 . ‡a9780997701302 ‡q(paperback)
020 . ‡a0997701307 ‡q(paperback)
035 . ‡a(CPomAG)LMN612845
08204. ‡a649/.125 ‡223
1001 . ‡aSalerno, Jennifer.
24510. ‡aTeen speak : ‡ba how-to guide for real talks with teens about sex, drugs and other risky behaviors / ‡cDr. Jennifer Salerno ; illustrations by Nathalie Ghioni.
24630. ‡aHow-to guide for real talks with teens about sex, drugs and other risky behaviors
24630. ‡areal talks with teens about sex, drugs and other risky behaviors
264 1. ‡aDexter, Michigan, USA : ‡b[Jennifer Salerno?], ‡c[2016]
300 . ‡axii, 160 pages : ‡billustrations ; ‡c23 cm
336 . ‡atext ‡2rdacontent
337 . ‡aunmediated ‡2rdamedia
338 . ‡avolume ‡2rdacarrier
504 . ‡aIncludes bibliographical references.
5050 . ‡aForeword / Jordyn [Salerno] -- Introduction (The birth of Teen speak ; Congratulations: you are the parent of a teenager! ; Before you get started) -- Section one: Getting to know your teen (1. Foundations for talking with your teen ; 2. Teen development: the good, the bad, and the beautiful ; 3. Physical development: body changes ; 4. Cognitive development: thinking skills ; 5. Emotional development: feelings ; 6. Sexual development: changing desires ; 7. Teens and risky behaviors: what are they doing? ; 8. Changing behaviors ; 9. Strengths of teens: they are amazing!)
5050 . ‡aSection two: Talking with your teen (10. Proven communication strategies ; 11. Building a strong foundation ; 12. Open-ended questions: learning more from your teen ; 13. Affirmations: focusing on the positives ; 14. Reflections: listening and responding -- 15. Change talk: let them tell you what you want to hear)
5050 . ‡aSection three: Avoiding pitfalls (16. Planning for success ; 17. Handling difficult behaviors: introduction ; 18. Handling difficult behaviors: strategies ; 19. Handling difficult behaviors: using the strategies) -- Final thoughts -- Parent and teen resources -- Where the information came from.
650 0. ‡aParent and teenager.
650 0. ‡aAdolescent psychology.
650 0. ‡aInterpersonal communication.
650 0. ‡aParenting.
914 . ‡aSCP_LP
959 . ‡i32269001119695 ‡l649 Sal ‡aAdult - Nonfiction ‡tNonFiction ‡g19.00
852 . ‡p32269001119695 ‡j649 Sal ‡gAdult - Nonfiction ‡cNonFiction ‡y19.00 ‡bSBPL
901 . ‡a151472 ‡bUnknown ‡c151472 ‡tbiblio

Additional Resources